000 00317nam a22001337a 4500
008 170622b xxu||||| |||| 00| 0 eng d
020 _a9780072867985
041 _aeng
080 _22ND
_a32
100 _a21
101 _aSHP
245 _aCOMPARATIVE POLITICS A GLOBAL INTRODUCTION
_cSODARO,M.J
942 _2udc
_cBK
999 _c18707
_d18707